QUEST Central Library Banner

Naeem's All Rounder Jobs Preparation Book (Record no. 67570)

MARC details
000 -LEADER
fixed length control field 00295nam a22001217a 4500
082 ## - DEWEY DECIMAL CLASSIFICATION NUMBER
Classification number 050MAH
100 ## - MAIN ENTRY--AUTHOR NAME
Personal name Mahar Naeemullah
245 ## - TITLE STATEMENT
Title Naeem's All Rounder Jobs Preparation Book
260 ## - PUBLICATION, DISTRIBUTION, ETC. (IMPRINT)
Place of publication Ghotki
Name of publisher Team Naeem's Virtual Academy
300 ## - PHYSICAL DESCRIPTION
Number of Pages 447p.
650 ## - SUBJECT ADDED ENTRY--TOPICAL TERM
Topical Term MCQs - General
942 ## - ADDED ENTRY ELEMENTS (KOHA)
Koha item type Books
Holdings
Withdrawn status Lost status Home library Current library Date acquired Full call number Accession Number Koha item type
    Central Library, QUEST, Nawabshah Central Library, QUEST, Nawabshah 15/03/2022 050MAH D2172 Books
    Reference Section Reference Section 15/03/2022 050MAH ( Shelf -14E) D2170 Books
    Reference Section Reference Section 15/03/2022 050MAH ( Shelf -14E) D2171 Books
    Reference Section Reference Section 28/10/2024 050MAH ( Shelf -14E) D2313 Books
    Reference Section Reference Section 28/10/2024 050MAH ( Shelf -14E) D2314 Books

Copyright © 2018,The QUEST, Nawabshah, Shaheed Benazirabad. All rights reserved
Mr. G. Farooq Channar (Librarian) QUEST, Nawabshah, Sindh, Pakistan 67480.
 Ph#: |   0244-9370381-4 Ext. 2308   Email| lib@quest.edu.pk   Web|  http://www.quest.edu.pk